CATÁLOGO PÚBLICO DE LA BIBLIOTECA OSCAR VARSAVSKY

Raúl Prebisch. Pensamiento renovador. (Registro nro. 3095)

Detalles MARC
000 -CABECERA
campo de control de longitud fija 00575nam a22002177a 4500
001 - NÚMERO DE CONTROL
campo de control T027600001926
008 - DATOS DE LONGITUD FIJA--INFORMACIÓN GENERAL
campo de control de longitud fija 181111b xve|||||r|||| 00| | esp d
020 ## - NÚMERO INTERNACIONAL ESTÁNDAR DEL LIBRO
Número Internacional Estándar del Libro 980-394-005-8
099 ## - SIGNATURA TOPOGRÁFICA LOCAL
Número de clasificación 330
Cutter P259
Fecha Cota Rep. 1
100 ## - ENTRADA PRINCIPAL--NOMBRE DE PERSONA
Nombre de persona Parra Luzardo, Gastón
245 ## - MENCIÓN DE TÍTULO
Título Raúl Prebisch. Pensamiento renovador.
260 ## - PUBLICACIÓN, DISTRIBUCIÓN, ETC. (PIE DE IMPRENTA)
Lugar de publicación, distribución, etc. 2006
300 ## - DESCRIPCIÓN FÍSICA
Extensión 149
500 ## - NOTA GENERAL
Nota general
650 ## - PUNTO DE ACCESO ADICIONAL DE MATERIA--TÉRMINO DE MATERIA
Término de materia o nombre geográfico como elemento inicial Integración de América Latina.
650 ## - PUNTO DE ACCESO ADICIONAL DE MATERIA--TÉRMINO DE MATERIA
Término de materia o nombre geográfico como elemento inicial Raúl Prebisch.
650 ## - PUNTO DE ACCESO ADICIONAL DE MATERIA--TÉRMINO DE MATERIA
Término de materia o nombre geográfico como elemento inicial Estructuralismo.
650 ## - PUNTO DE ACCESO ADICIONAL DE MATERIA--TÉRMINO DE MATERIA
Término de materia o nombre geográfico como elemento inicial Teoría y política económica.
700 ## - PUNTO DE ACCESO ADICIONAL--NOMBRE DE PERSONA
Nombre de persona Maza Zavala, Domingo.
Término indicativo de función/relación
942 ## - ELEMENTOS DE PUNTO DE ACCESO ADICIONAL (KOHA)
Tipo de ítem Koha Libro
Existencias
Estado de retiro Estado de pérdida Estado dañado No para préstamo Localización permanente Ubicación/localización actual Fecha de adquisición Total de préstamos Signatura topográfica completa Código de barras Fecha visto por última vez Precio válido a partir de Tipo de ítem Koha Número de copia
        Oscar Varsavsky Oscar Varsavsky 13.11.2018   330 P259 Cota Rep. 1 T027600001918 13.11.2018 13.11.2018 Libro  
        Oscar Varsavsky Oscar Varsavsky 13.11.2018   330 P259 Cota Rep. 1 T027600010952 13.11.2018 13.11.2018 Libro e.2
        Oscar Varsavsky Oscar Varsavsky 13.11.2018   330 P259 Cota Rep. 1 T027600011577 13.11.2018 13.11.2018 Libro e.3